Process systems analysis and control (Record no. 13575)

000 -LEADER
fixed length control field 00578nam a22002051 4500
001 - CONTROL NUMBER
control field 13575
003 - CONTROL NUMBER IDENTIFIER
control field BD-DhUET
008 - FIXED-LENGTH DATA ELEMENTS--GENERAL INFORMATION
fixed length control field 730306s1965 nyua b 000 0 eng
040 ## - CATALOGING SOURCE
Original cataloging agency DLC
Transcribing agency DLC
Modifying agency BD-DhUET
082 ## - DEWEY DECIMAL CLASSIFICATION NUMBER
Classification number 660.284
Item number COU/1965
100 1# - MAIN ENTRY--PERSONAL NAME
Personal name Coughanowr, Donald R.
245 10 - TITLE STATEMENT
Title Process systems analysis and control
250 ## - EDITION STATEMENT
Edition statement 1st ed.
260 ## - PUBLICATION, DISTRIBUTION, ETC. (IMPRINT)
Place of publication, distribution, etc. New York
Name of publisher, distributor, etc. McGraw-Hill
Date of publication, distribution, etc. 1965
300 ## - PHYSICAL DESCRIPTION
Extent xii, 491 p.
Other physical details ill.
Dimensions 21 cm.
490 ## - SERIES STATEMENT
Series statement McGraw-Hill chemical engineering series
650 #0 - SUBJECT ADDED ENTRY--TOPICAL TERM
Topical term or geographic name as entry element Control devices process engineering
700 ## - ADDED ENTRY--PERSONAL NAME
Personal name Koppel, Lowell B.
942 ## - ADDED ENTRY ELEMENTS (KOHA)
Koha item type General Book
Holdings
Price effective from Location (home branch) Piece designation (barcode) Not for loan Date acquired Sublocation or collection (holding branch) Koha normalized classification for sorting Withdrawn status Koha full call number Koha date last seen Source of classification or shelving scheme Koha issues (times borrowed) Lost status Koha date last borrowed Damaged status Koha item type Shelving location Copy number
2015-03-03Central Library, BUET29699 2015-03-03Central Library, BUET660_284000000000000_COU_1965 660.284/COU/19652015-03-03     General BookCirculation section1
2015-03-03Central Library, BUET29689 2015-03-03Central Library, BUET660_284000000000000_COU_1965 660.284/COU/19652017-05-09 1 2017-05-09 General BookCirculation section2
2015-03-03Central Library, BUET29697 2015-03-03Central Library, BUET660_284000000000000_COU_1965 660.284/COU/19652015-03-03     General BookCirculation section3
2015-03-03Central Library, BUET29692 2015-03-03Central Library, BUET660_284000000000000_COU_1965 660.284/COU/19652015-03-03     General BookCirculation section4
2015-03-03Central Library, BUET29698 2015-03-03Central Library, BUET660_284000000000000_COU_1965 660.284/COU/19652015-03-03     General BookCirculation section5
2015-03-03Central Library, BUET29690 2015-03-03Central Library, BUET660_284000000000000_COU_1965 660.284/COU/19652015-03-03     General BookCirculation section6
2015-03-03Central Library, BUET29688 2015-03-03Central Library, BUET660_284000000000000_COU_1965 660.284/COU/19652015-03-03     General BookCataloging to Circulation7
2015-03-04Central Library, BUET34519 2015-03-04Central Library, BUET660_284000000000000_COU_1965 660.284/COU/19652015-03-04     General BookCirculation section8
2015-05-11Central Library, BUET29694 2015-05-11Central Library, BUET660_284000000000000_COU_1965 660.284/COU/19652015-05-11     General BookCirculation section9
2015-05-11Central Library, BUET29696 2015-05-11Central Library, BUET660_284000000000000_COU_1965 660.284/COU/19652015-05-11     General BookCirculation section10
2015-05-13Central Library, BUET29695 2015-05-13Central Library, BUET660_284000000000000_COU_1965 660.284/COU/19652015-05-13     General BookCirculation section11
2015-05-14Central Library, BUET17869 2015-05-14Central Library, BUET660_284000000000000_COU_1965 660.284/COU/19652015-05-14     General BookCirculation section12
2015-05-18Central Library, BUET15822 2015-05-18Central Library, BUET660_284000000000000_COU_1965 660.284/COU/19652015-05-18     General BookCirculation section13
2015-06-20Central Library, BUET29700 2015-06-20Central Library, BUET660_284000000000000_COU_1965 660.284/COU/19652015-06-20     General BookReading section14
2015-06-20Central Library, BUET29701 2015-06-20Central Library, BUET660_284000000000000_COU_1965 660.284/COU/19652015-06-20     General BookReading section15
2015-07-10Central Library, BUET16716 2015-07-10Central Library, BUET660_284000000000000_COU_1965 660.284/COU/19652015-07-10     General BookCirculation section16